Επισκέπτες : φωτογραφίες = Visitors : photographs

Αποθηκεύτηκε σε:
Λεπτομέρειες βιβλιογραφικής εγγραφής
Κύριος συγγραφέας: Μουζακίτη, Ελένη
Μορφή: Βιβλίο
Γλώσσα:Greek
English
Δημοσίευση: Αθήνα : Φωτοχώρος, 1997.
Σειρά:Μικρή σειρά (Φωτοχώρος)
Θέματα:
Ετικέτες: Προσθήκη ετικέτας
Δεν υπάρχουν, Καταχωρήστε ετικέτα πρώτοι!

MARC

LEADER 00000nam a2200000 a 4500
001 1/127662
008 231106s1997####gr | ||| |||| ||gre||
020 |a 9607404289 
040 |a GR-MyUa  |b gre  |c GR-MyUa  |e AACR2 
041 0 |a gre  |a eng 
082 7 |a 779.092   |2 (23) 
100 1 |a Μουζακίτη, Ελένη. 
245 1 0 |a Επισκέπτες :   |b φωτογραφίες = Visitors : photographs /   |c Μουζακίτη Ελένη. 
246 1 |i Παράλληλος τίτλος:   |a Visitors :   |b photographs 
260 |a Αθήνα :   |b Φωτοχώρος,   |c 1997. 
300 |a [16] φύλλα :   |b εικ. ;   |c 21 εκ. 
490 1 |a (Μικρή σειρά) 
650 0 |a Photography, Artistic. 
830 0 |a Μικρή σειρά (Φωτοχώρος) 
852 |a INST  |b SYROS  |e 20231103  |h 779.092 ΜΟΥ  |p 005500016286  |q 005500016286  |t BK  |y 0 
970 |a Κοντού  |b Παρασκευή  |z 06/11/2023